Word Ladder: Velvet Glove Optional Quiz Stats

 Plays Quiz Updated Feb 2, 2018

Score 0/25 Timer 03:00
3 Plays Today
Clue 4-Letter Rung % Correct
Pork or chicken, e.g.MEAT
96.5%
Turn ice into waterMELT
96.5%
Mr. DisneyWALT
96.3%
≜ Fox hit: 'Married ____ Children ...' ≜≜ WITH ≜
95.4%
CruelMEAN
95.2%
Lima or kidney, e.g.BEAN
95.1%
Result of being whippedWELT
93.7%
Unit of powerWATT
93.1%
Bannister ran it in less than 4 minutesMILE
91.4%
Water vapor in fine dropletsMIST
90.8%
Its capital is TehranIRAN
90%
≜ Rock's representation when playing
Rock-Paper-Scissors≜
≜ FIST ≜
89.8%
Figure skater KaterinaWITT
89.8%
Clue 4-Letter Rung % Correct
≜ Steel's element ≜≜ IRON ≜
89.4%
≜ More than a guideline, less than a law ≜≜ RULE ≜
89%
Expose one's derriereMOON
86.5%
Tiny tick relativeMITE
85.9%
Sterile equineMULE
85.9%
Germ counterpart (in grain)BRAN
85.7%
'Happy Days' actor DonnyMOST
81.3%
1982 Jeff Bridges movieTRON
81.3%
Jessica Rabbit, for oneTOON
80.9%
Of no importanceMOOT
80.5%
Kin's partnerKITH
61.3%
Float (a check)KITE
60.3%

Today's Daily Dose

Missing Word
Arizona A-Z

Word Ladder
Greek Letters II

Get the Picture
US National Parks

You're not logged in!

Compare scores with friends on all Sporcle quizzes.
OR
Log In

You Might Also Like...

Show Comments

Extras

Top Quizzes Today


Score Distribution

Your Account Isn't Verified!

In order to create a playlist on Sporcle, you need to verify the email address you used during registration. Go to your Sporcle Settings to finish the process.

Report this User

Report this user for behavior that violates our Community Guidelines.

Details: